00637cam a22001937a 45000010009000000050017000090080041000260100017000670200015000840200018000990400008001170820020001251000029001452450067001742600047002413000054002885040062003426500039004041443327320191023114640.0060630s2005 enka b 001 0 eng c a 2006332669 a0195795652 a9780195795653 cDLC a599.095491bROB1 aRoberts, T. J.q(Tom J.)10aField guide to the small mammals of Pakistan /cT. J. Roberts. aKarachi :bOxford University Press,c2005. axxiii, 280 p. :bill. (some col.), maps ;c18 cm. aIncludes bibliographical references (p. [273]) and index. 0aMammalszPakistanxIdentification.